Statistics for College Football Analogies

Click here to take the quiz!

General Stats

  • This quiz has been taken 7,528 times
  • The average score is 14 of 20

Answer Stats

This is to this ... As … % Correct
Michigan is to Ohio StateAuburn is to {Alabama}
92%
Nebraska is to CornhuskersOklahoma is to {Sooners}
92%
Big House is to MichiganSwamp is to {Florida}
91%
Bucky Badger is to
Wisconsin
Sparty is to
{Michigan} {State}
88%
Gig 'Em is to AgsHook 'em is to {Horns}
84%
Vandals are to IdahoMidshipmen are to {Navy}
82%
Red Turf is to
Eastern Washington
Blue Turf is to
{Boise} {State}
82%
Pasadena is to RoseMiami is to {Orange}
82%
LaDainian Tomlinson is to
Horned Frogs
Peyton Manning is to
{Volunteers}
81%
Washington is to PacKansas is to {Big}
81%
Athens is to BulldogsEugene is to {Ducks}
76%
The Victors is to MichiganWar Eagle is to {Auburn}
75%
Crimson is to TideThundering is to {Herd}
73%
Baton Rouge is to LSUNashville is to {Vanderbilt}
64%
Lou Holtz is to Notre DameJimmy Johnson is to {Miami}
64%
Stanford is to Palo AltoTulane is to {New} {Orleans}
60%
Bo is to Vincent Jackson{Bear} is to Paul Bryant
57%
Carson Palmer is to USCTy Detmer is to {BYU}
41%
Thunder is to LightningLendale White is to
{Reggie} {Bush}
35%
Johnny Manziel is to RG3RG3 is to {Cam} {Newton}
30%

Score Distribution

Percentile by Number Answered

Percent of People with Each Score

Your Score History

You have not taken this quiz